Movies Quiz

Random Movies or Disney Quiz
Score 0/16 Timer 03:00
0 Plays Today
% Correct
Captain Hook
90.5%
Queen of Hearts
85.7%
Scar
83.3%
Queen Grimilhide
76.6%
Frollo
76.4%
Oogie Boogie
69.8%
Hades
59.5%
Kaa
58.7%
% Correct
Governor Ratcliffe
57.1%
King Candy
56.5%
Maleficent
55.6%
Shere Khan
55.4%
Jafar
55%
Amos Slade
51.2%
Shan Yu
47.2%
Scroop
47.2%
Remove Ads.
Support Sporcle.
Get the best of Sporcle when you Go Orange. This ad-free experience offers more features, more stats, and more fun while also helping to support Sporcle. Thank you for becoming a member.

You're not logged in!

Compare scores with friends on all Sporcle quizzes.
OR
Log In

Show Comments

Extras

Top Quizzes Today


Score Distribution

Your Account Isn't Verified!

In order to create a playlist on Sporcle, you need to verify the email address you used during registration. Go to your Sporcle Settings to finish the process.

Report this User

Report this user for behavior that violates our Community Guidelines.

Details: